Stav geologické interpretace leteckých snímků /

Hlavní autor: Foldyna, Jan
Jazyk: Čeština
Vydáno: Opava : Slezský ústav československé akademie věd v Opavě, 1961
Edice: Zprávy Slezského ústavu ČSAV v Opavě
Témata:
Fyzický popis: 40 stran
Knihy
Uloženo v:
LEADER 01405nam a22003972i 4500
001 001649230
003 CZ BrMZK
005 20181116060703.0
007 ta
008 180930s1961 xr er|||||||||||cze d
015 |a cnb000611858 
035 |a (OCoLC)85466504 
040 |a ABC023  |b cze  |e rda  |d BOA001 
072 7 |a 550  |x Geofyzika. Geochemie. Geobiologie. Užitá geologie  |2 Konspekt  |9 7 
080 |a 550.8  |2 MRF 
080 |a 528.715/.716  |2 MRF 
080 |a 528.8  |2 MRF 
080 |a (048.8)  |2 MRF 
100 1 |a Foldyna, Jan  |7 jn19981001205  |4 aut 
245 1 0 |a Stav geologické interpretace leteckých snímků /  |c Jan Foldyna 
264 1 |a Opava :  |b Slezský ústav československé akademie věd v Opavě,  |c 1961 
300 |a 40 stran 
336 |a text  |b txt  |2 rdacontent 
337 |a bez média  |b n  |2 rdamedia 
338 |a svazek  |b nc  |2 rdacarrier 
490 1 |a Zprávy Slezského ústavu ČSAV v Opavě ;  |v komunikát č. 10 
504 |a Obsahuje bibliografické odkazy 
650 0 7 |a geografický výzkum  |7 ph139206  |2 czenas 
650 0 7 |a letecké snímkování  |7 ph122266  |2 czenas 
650 0 4 |a dálkový průzkum Země  |7 ph119671 
655 7 |a studie  |7 fd133597  |2 czenas 
830 0 |a Zprávy Slezského ústavu ČSAV v Opavě 
910 |a BOA001  |b X-0458.544 
990 |a BK 
991 |b 201809 
996 6 |b 2618961879  |c X-0458.544  |l MZK  |r Sklad / do 24 hodin  |n 0  |w 001688163  |u 000010  |a 1  |e BOA001  |j MZK50  |s P